[Event "London Classic op"]
[Site "London"]
[Date "2011.12.10"]
[Round "8"]
[White "Pattni, Kishan"]
[Black "Kluger, Carsten"]
[Result "0-1"]
[WhiteElo "1687"]
[BlackElo "2060"]
[PlyCount "108"]
[EventDate "2011.12.03"]
[EventType "swiss"]
[EventRounds "9"]
[EventCountry "ENG"]
[SourceTitle "CBM 145 Extra"]
[Source "ChessBase"]
[SourceDate "2012.01.03"]
[SourceVersion "1"]
[SourceVersionDate "2012.01.03"]
[SourceQuality "1"]

1. e4 g6 2. d4 c6 3. Bd3 Bg7 4. c3 d5 5. e5 b6 6. Be3 Ba6 7. Bc2 e6 8. Ne2 Ne7 9. Bg5 Nd7 10. Nd2 Bf8 11. Bh4 Qc7 12. 0-0 h6 13. f4 Nf5 14. Bf2 Be7 15. Re1 Nf8 16. Ng3 Bc8 17. Nf3 Bd7 18. Nxf5 exf5 19. Bh4 Be6 20. Qe2 Qd7 21. b4 Bxh4 22. Nxh4 g5 23. fxg5 hxg5 24. Nf3 Qe7 25. Nd2 Ng6 26. a4 g4 27. Nf1 Qg5 28. Qd2 Qxd2 29. Nxd2 Ne7 30. a5 0-0 31. axb6 axb6 32. Nf1 Rfc8 33. Ng3 Kh7 34. Nh5 c5 35. Nf6+ Kh6 36. bxc5 Rxa1 37. Rxa1 bxc5 38. Ba4 cxd4 39. cxd4 Rc4 40. Be8 Rxd4 41. Ra7 Ng6 42. Bxf7 Bxf7 43. Rxf7 Nxe5 44. Ra7 Kg5 45. Ra6 Rd1+ 46. Kf2 Rd2+ 47. Kf1 Kf4 48. Nh5+ Ke3 49. Ra1 Nc4 50. Re1+ Kd4 51. Nf4 Ne3+ 52. Kg1 Ke4 53. g3 d4 54. Ne2 Nc2 0-1

[Event "Berlin Lichtenrade op 07th"]
[Site "Berlin"]
[Date "2011.10.15"]
[Round "8"]
[White "Kluger, Carsten"]
[Black "Wendt, Jan Dietrich"]
[Result "0-1"]
[WhiteElo "2068"]
[BlackElo "2373"]
[PlyCount "110"]
[EventDate "2011.10.08"]
[EventType "swiss"]
[EventRounds "9"]
[EventCountry "GER"]
[SourceTitle "CBM 144 Extra"]
[Source "ChessBase"]
[SourceDate "2011.10.28"]
[SourceVersion "1"]
[SourceVersionDate "2011.10.28"]
[SourceQuality "1"]

1. Nc3 c5 2. Nf3 Nf6 3. e4 Nc6 4. g3 g6 5. Bg2 Bg7 6. d3 d5 7. 0-0 dxe4 8. dxe4 Qxd1 9. Rxd1 Bg4 10. Be3 Nd7 11. h3 Bxf3 12. Bxf3 0-0-0 13. Be2 Bd4 14. Bxd4 Nxd4 15. Rac1 Ne5 16. Kf1 e6 17. Nb5 Nxb5 18. Bxb5 g5 19. Be2 h5 20. Rxd8+ Kxd8 21. h4 g4 22. Rd1+ Ke7 23. Kg2 b6 24. Rd2 Rc8 25. c3 Kf6 26. b3 Rh8 27. Bb5 Ke7 28. Be2 Rh6 29. Bb5 Rf6 30. a4 Rf3 31. Rc2 Nd3 32. Bxd3 Rxd3 33. Kf1 Kf6 34. Ke2 Rf3 35. b4 Ke5 36. bxc5 bxc5 37. Rb2 Rxc3 38. Rb7 a6 39. Rxf7 Rc4 40. Rh7 Rxe4+ 41. Kd2 Rxa4 42. Rxh5+ Kd4 43. Rh8 Ra2+ 44. Ke1 c4 45. h5 Ra1+ 46. Ke2 c3 47. Rd8+ Kc4 48. Rc8+ Kb3 49. Rb8+ Kc2 50. Rb6 Ra5 51. h6 Re5+ 52. Kf1 a5 53. h7 Rh5 54. Rxe6 Rxh7 55. Ra6 Rh5 0-1

[Event "AUS-ch Major"]
[Site "Cammeray"]
[Date "2011.01.03"]
[Round "2"]
[White "Kluger, Carsten"]
[Black "Encel, Benjamin"]
[Result "1/2-1/2"]
[WhiteElo "2081"]
[BlackElo "1898"]
[PlyCount "80"]
[EventDate "2011.01.02"]
[EventType "swiss"]
[EventRounds "11"]
[EventCountry "AUS"]
[SourceTitle "CBM 140 Extra"]
[Source "ChessBase"]
[SourceDate "2011.03.01"]
[SourceVersion "1"]
[SourceVersionDate "2011.03.01"]
[SourceQuality "1"]

1. Nc3 c5 2. Nf3 Nc6 3. d4 cxd4 4. Nxd4 Nf6 5. g3 e5 6. Nb3 d5 7. Bg2 Bb4 8. Bd2 Be6 9. 0-0 0-0 10. Na4 b6 11. Bxb4 Nxb4 12. Qd2 Na6 13. Qd3 Nc7 14. Nc3 Rc8 15. f4 e4 16. Qd2 Qd7 17. Nd4 Bh3 18. f5 Bxg2 19. Kxg2 Na6 20. h3 Rfe8 21. e3 Nb8 22. g4 Nc6 23. Nxc6 Qxc6 24. Rad1 h6 25. Rf2 Red8 26. Qd4 Qb7 27. Rfd2 b5 28. Qb4 a6 29. Qb3 Rc5 30. Rd4 Rdc8 31. R1d2 a5 32. Na4 Rc4 33. Nc3 R8c5 34. Na4 Rc7 35. Nc3 R7c5 36. a4 b4 37. Nb5 Qc6 38. Na7 Qc7 39. Nb5 Qc6 40. Na7 Qc7 1/2-1/2

[Event "Saarlouis op 7th"]
[Site "Saarlouis"]
[Date "2004.05.19"]
[Round "1"]
[White "Kluger, Carsten"]
[Black "Warkentin, Peter"]
[Result "1-0"]
[WhiteElo "2140"]
[BlackElo "1587"]
[PlyCount "83"]
[EventDate "2004.05.19"]
[EventType "swiss"]
[EventRounds "7"]
[EventCountry "GER"]
[SourceTitle "EXT 2006"]
[Source "ChessBase"]
[SourceDate "2005.11.24"]
[SourceVersion "1"]
[SourceVersionDate "2005.11.24"]
[SourceQuality "1"]

1. Nc3 Nf6 2. e4 d5 3. e5 d4 4. Nce2 Ng4 5. f4 e6 6. Ng3 Nh6 7. Nf3 Bc5 8. Bd3 Nc6 9. a3 a6 10. 0-0 Bd7 11. Kh1 Nf5 12. Nh5 0-0 13. Qe1 Be7 14. g4 Nh4 15. Nxh4 Bxh4 16. Qe4 g6 17. g5 Ne7 18. Nf6+ Kg7 19. Nxd7 Qxd7 20. b3 Qd5 21. Bb2 c5 22. Rf3 h6 23. gxh6+ Kh7 24. Rh3 Qxe4+ 25. Bxe4 f5 26. Bxb7 Rab8 27. Bxa6 g5 28. Bc4 Rb6 29. a4 Ng6 30. a5 Rbb8 31. fxg5 Bxg5 32. Ba3 Nf4 33. Rf3 Rfc8 34. Raf1 Ng6 35. Bxe6 Re8 36. Bxf5 Rxe5 37. Rg1 Kxh6 38. Bxg6 Kxg6 39. d3 Kh5 40. Bc1 Rbe8 41. Rfg3 Bxc1 42. Rh3# 1-0

[Event "Saarlouis op 6th"]
[Site "Saarlouis"]
[Date "2003.06.01"]
[Round "7"]
[White "Kluger, Carsten"]
[Black "Vierroth, Hans"]
[Result "1-0"]
[WhiteElo "2136"]
[BlackElo "1759"]
[PlyCount "57"]
[EventDate "2003.05.??"]
[EventType "swiss"]
[EventRounds "7"]
[EventCountry "GER"]
[SourceTitle "EXT 2006"]
[Source "ChessBase"]
[SourceDate "2005.11.24"]
[SourceVersion "1"]
[SourceVersionDate "2005.11.24"]
[SourceQuality "1"]

1. Nc3 g6 2. h4 Nf6 3. e4 d6 4. Be2 h5 5. d4 Nbd7 6. Be3 e5 7. d5 c6 8. f3 Qa5 9. Qd2 cxd5 10. exd5 a6 11. Nh3 b5 12. Ng5 Bb7 13. Rd1 Be7 14. 0-0 b4 15. Nce4 Nxd5 16. Nxf7 Kxf7 17. Bc4 N7b6 18. Bxb6 Qxb6+ 19. Qf2 Qa5 20. f4 Kg7 21. fxe5 Raf8 22. Qd4 dxe5 23. Qxe5+ Bf6 24. Rxf6 Rxf6 25. Bxd5 Qb6+ 26. Kh2 Rhf8 27. Nxf6 Rxf6 28. Qe7+ Kh6 29. Bg8 1-0

[Event "Vlissingen HZ op 06th"]
[Site "Vlissingen"]
[Date "2002.08.07"]
[Round "5"]
[White "Kluger, Carsten"]
[Black "Posazhennikov, Alex"]
[Result "0-1"]
[WhiteElo "2130"]
[BlackElo "2260"]
[PlyCount "34"]
[EventDate "2002.08.04"]
[EventType "swiss"]
[EventRounds "9"]
[EventCountry "NED"]
[SourceTitle "CBM 089 Extra"]
[Source "ChessBase"]
[SourceDate "2002.09.10"]
[SourceVersion "2"]
[SourceVersionDate "2002.09.10"]
[SourceQuality "1"]

1. Nc3 d5 2. e4 Nf6 3. e5 d4 4. Nce2 Nfd7 5. f4 c5 6. Nf3 e6 7. d3 b6 8. c3 dxc3 9. bxc3 Bb7 10. Ng3 Nc6 11. d4 cxd4 12. cxd4 Bb4+ 13. Bd2 Qe7 14. Rc1 0-0 15. Bd3 Rfd8 16. Bxh7+ Kxh7 17. Ng5+ Kg8 0-1

[Event "Trier op"]
[Site "Trier"]
[Date "2002.07.31"]
[Round "5"]
[White "Kluger, Carsten"]
[Black "Adrian, Axel"]
[Result "1/2-1/2"]
[WhiteElo "2130"]
[BlackElo "2105"]
[PlyCount "80"]
[EventDate "2002.07.27"]
[EventType "swiss"]
[EventRounds "9"]
[EventCountry "GER"]
[SourceTitle "CBM 089 Extra"]
[Source "ChessBase"]
[SourceDate "2002.09.10"]
[SourceVersion "2"]
[SourceVersionDate "2002.09.10"]
[SourceQuality "1"]

1. Nc3 e5 2. Nf3 Nc6 3. d4 exd4 4. Nxd4 d5 5. e4 dxe4 6. Bb5 Bd7 7. Nxc6 bxc6 8. Ba4 Qh4 9. Be3 Bd6 10. g3 Qe7 11. Qd4 Nf6 12. 0-0-0 0-0 13. Bg5 Rfe8 14. Rhe1 c5 15. Qc4 Bxa4 16. Rxe4 Qd7 17. Rxe8+ Rxe8 18. Bxf6 Bc6 19. Bg5 Bf3 20. Rg1 Qh3 21. Be3 Qxh2 22. Re1 Qh5 23. b3 Qf5 24. a4 Qe6 25. Qxe6 Rxe6 26. Nb5 a6 27. Na3 f5 28. Nc4 Be7 29. Nd2 Bc6 30. Nc4 g5 31. Rd1 Kf7 32. Nb2 h5 33. Nd3 h4 34. gxh4 gxh4 35. Bf4 h3 36. Ne5+ Kg7 37. Nxc6 Rxc6 38. Rh1 Bd6 39. Bxd6 cxd6 40. Rxh3 d5 1/2-1/2

[Event "Trier op"]
[Site "Trier"]
[Date "2002.07.30"]
[Round "2"]
[White "Kluger, Carsten"]
[Black "Henrich, Thomas"]
[Result "1/2-1/2"]
[WhiteElo "2130"]
[BlackElo "2149"]
[PlyCount "54"]
[EventDate "2002.07.27"]
[EventType "swiss"]
[EventRounds "9"]
[EventCountry "GER"]
[SourceTitle "CBM 089 Extra"]
[Source "ChessBase"]
[SourceDate "2002.09.10"]
[SourceVersion "2"]
[SourceVersionDate "2002.09.10"]
[SourceQuality "1"]

1. Nc3 d5 2. e4 dxe4 3. Nxe4 Qd5 4. Nc3 Qa5 5. d4 c6 6. Bd3 Nf6 7. Nge2 Bg4 8. f3 Bh5 9. Bd2 e6 10. Ne4 Qd8 11. Nxf6+ Qxf6 12. Ng3 Bg6 13. Bc3 Qh4 14. Qe2 Bd6 15. 0-0-0 Nd7 16. Ne4 Bxe4 17. fxe4 0-0-0 18. g3 Qe7 19. Rhf1 e5 20. Qg4 f6 21. dxe5 Bxe5 22. Bxe5 fxe5 23. Bc4 Rhf8 24. Be6 Rfe8 25. Bc4 Rf8 26. Be6 Rfe8 27. Bc4 Rf8 1/2-1/2

[Event "Vlissingen HZ op 05th"]
[Site "Vlissingen"]
[Date "2001.07.29"]
[Round "2"]
[White "Kluger, Carsten"]
[Black "Van Wely, Loek"]
[Result "0-1"]
[WhiteElo "2130"]
[BlackElo "2695"]
[PlyCount "38"]
[EventDate "2001.07.28"]
[EventType "swiss"]
[EventRounds "9"]
[EventCountry "NED"]
[SourceTitle "CBM 083 Extra"]
[Source "ChessBase"]
[SourceDate "2001.09.11"]
[SourceVersion "1"]
[SourceVersionDate "2001.09.11"]
[SourceQuality "1"]

1. Nc3 d5 2. e4 d4 3. Nce2 e5 4. Ng3 Be6 5. Be2 Nf6 6. Nf3 Nfd7 7. d3 h6 8. 0-0 g6 9. c4 a5 10. Nxe5 Nxe5 11. f4 Nec6 12. f5 Bc8 13. fxg6 fxg6 14. Bh5 Ne5 15. Bxg6+ Nxg6 16. Qh5 Ra6 17. e5 Qh4 18. Qe2 Be7 19. Bd2 Qg4 0-1